• 首页
  • 本馆介绍
  • 公告通知
  • 最新文献
  • 馆藏检索
  • 电子资源
  • 读者导购
  • 参考咨询
  • 我的图书馆
  • 登录
  • 详细信息显示
  • 放入我的书架
  • 预约/预借图书
  • 作者相关作品
  • 分类相关作品
  • 丛书相关作品
  • 出版社相关作品

书目信息

  • 表格格式
  • 工作单格式
  • 卡片格式
题名:
苏联藏中国民间年画珍品集
    
 
作者: 王树村 编选
分册:  
出版信息: 北京   人民美术出版社  
页数: 206幅
开本: 26cm
丛书名:
单 册:
中图分类: J228.3
科图分类:
主题词: 绘画--中国
电子资源:
ISBN: 7-102-00864-3
000 00588nam0 2200193 450
001 0657616296
005 20061115163642.29
010    @a7-102-00864-3@d不详
100    @a20061115d km y0chiy0120 ea
101 0  @achi
102    @aCN@b110000
200 1  @a苏联藏中国民间年画珍品集@Asu lian cang zhong guo min jian nian hua zhen pin ji@f王树村等编选@Fwang shu cun deng bian xuan
210    @a北京@c人民美术出版社
215    @a206幅@c图版@d26cm
606 0  @a绘画@x中国
690    @aJ228.3@v3
701  0 @a王树村@Awang shu cun@4编选
801  0 @aCN@bPFT@c20061115
905    @a10447@dJ228.3@e97
    
    苏联藏中国民间年画珍品集/王树村等编选.-北京:人民美术出版社
    206幅:图版;26cm
    
    
    ISBN 7-102-00864-3:不详
    
●
相关链接 在E读中查询图书 在五车中查询图书 在当当中查询图书 在豆瓣中查询图书


正题名:苏联藏中国民间年画珍品集     索取号:J228.3/97         预约/预借

序号 登录号 条形码 馆藏地/架位号 状态 备注
1 0259019   000793859   第一样本阅览室/ [索取号:J228.3/97] 在馆    
唐山师范学院图书馆 欢迎您!
大连网信软件有限公司© 版权所有